BUBT Library Online Catalog

Statistics for management (Record no. 65)

000 -LEADER
fixed length control field 00485nam a22001577a 4500
008 - FIXED-LENGTH DATA ELEMENTS--GENERAL INFORMATION
fixed length control field 140128b xxu||||| |||| 00| 0 eng d
082 ## - DEWEY DECIMAL CLASSIFICATION NUMBER
Classification number 519.5
100 ## - MAIN ENTRY--PERSONAL NAME
9 (RLIN) 78
Personal name Levin, Richard I.
245 ## - TITLE STATEMENT
Title Statistics for management
Statement of responsibility, etc. by Richard I. Levin & David S. Robin.
250 ## - EDITION STATEMENT
Edition statement 7th ed.
260 ## - PUBLICATION, DISTRIBUTION, ETC. (IMPRINT)
Place of publication, distribution, etc. New Delhi,
Name of publisher, distributor, etc. Prentice Hall.
Date of publication, distribution, etc. c2000.
300 ## - PHYSICAL DESCRIPTION
Extent xviii, 830 p
Other physical details col. ill. ;
Dimensions 26 cm. +
650 #0 - SUBJECT ADDED ENTRY--TOPICAL TERM
9 (RLIN) 39
Topical term or geographic name as entry element Management
General subdivision Statistical methods
700 ## - ADDED ENTRY--PERSONAL NAME
9 (RLIN) 79
Personal name Robin, David S.
942 ## - ADDED ENTRY ELEMENTS (KOHA)
Source of classification or shelving scheme
Koha item type Books
Holdings
Withdrawn status Lost status Source of classification or shelving scheme Damaged status Not for loan Permanent location Current location Date acquired Inventory number Total Checkouts Full call number Date last seen Price effective from
          Bangladesh University of Business and Technology Library Bangladesh University of Business and Technology Library 01/29/2014 84   519.5 01/29/2014 01/29/2014
          Bangladesh University of Business and Technology Library Bangladesh University of Business and Technology Library 01/29/2014 85   519.5 01/29/2014 01/29/2014

More Information About Library

Library Hours

  • Open: 9.00 am. to 9.00 pm.
  • Only Sunday: 9.00 am. to 6.00 pm.
  • Closed: Holiday

Contact to the University

Bangladesh University of Business and Technology Library

  • Mirpurl-2, 1216.
  • Phone:
  • Fax:
  • E-Mail: admin.library@bubt.edu.bd

Contact to the Library

Contact Person:

Md. Abdul Hakim Shah
Joint Librarian
PABX No:  113
Cell No: 01816332931
E-mail: official: admin.library@bubt.edu.bd
Personal: hakim.shah@bubt.edu.bd


BUBT Library

Copyright © 2021